Operational resilience : the art of risk management
| Published: |
United Kingdom:
Financial World Publishing,
2002.
|
|---|---|
| Subjects: |
| LEADER | 00490cam a2200145 7i4500 | ||
|---|---|---|---|
| 001 | 0000001440 | ||
| 005 | 20170218090000.0 | ||
| 020 | |a 0852976917 (hbk.) | ||
| 090 | 0 | 0 | |a HG6024 |b .O74 2002 |
| 245 | 1 | 0 | |a Operational resilience : |b the art of risk management |c IBM. |
| 260 | |a United Kingdom: |b Financial World Publishing, |c 2002. | ||
| 300 | |a xvi, 176p.: |b ill.; |c 24cm. | ||
| 650 | 0 | 0 | |a Risk management |
| 997 | |a Business & Accountancy, Faculty | ||
| 999 | |a 0000008358 |b BOK |c OPEN SHELF |e 1st Floor, Bestari Jaya | ||


